000 00769nam a2200205 a 4500
005 20140310183535.0
008 111011s19uu xx 00 eng d
010 _a2007031767
020 _a9780736072144
050 _aGV 443
_b.B475 2008
100 _aBielenberg, Kiwi, 1972-
245 _aAll active :
_b35 inclusive physical activities /
_cKiwi Bielenberg.
260 _aChampaign, IL :
_bHuman Kinetics,
_c2008.
300 _axiii, 81 p. :
_bill. ;
_c24 cm.
520 _aContents: Fitness and movement activities -- Object manipulation activities -- Balance and coordination activities -- Combination activities.
521 _aEDU
650 _aPhysical education for children
_xStudy and teaching (Elementary)
942 _cBK
_2lcc
_kFOR
999 _c24709
_d24709